Inteligencia artificial en la educación (Registro nro. 10908)

000 -CABECERA
Campo de control de longitud fija 02058nam a22003017a 4500
003 - IDENTIFICADOR DEL NÚMERO DE CONTROL
Campo de control OSt
005 - FECHA Y HORA DE LA ÚLTIMA TRANSACCIÓN
Campo de control 20260625105229.0
008 - CÓDIGOS DE INFORMACIÓN DE LONGITUD FIJA
Campo de control de longitud fija 260625t2024 xxu||||| |||| 00| 0 spa d
040 ## - FUENTE DE LA CATALOGACIÓN
Centro catalogador de origen Unicoc
Lengua de catalogación spa
Centro que cataloga Bogotá (Dr. David Ordóñez Rueda) - Campus Norte
Centro modificador Bogotá (Dr. David Ordóñez Rueda) - Campus Norte
082 ## - NÚMERO DE LA CLASIFICACIÓN DECIMAL DEWEY
Número de clasificación 371.33
100 ## - PUNTO DE ACCESO PRINCIPAL - NOMBRE DE PERSONA
9 (RLIN) 13134
Nombre de persona Rey Valzacchi, Jorge
245 ## - MENCIÓN DE TÍTULO
Título Inteligencia artificial en la educación
Subtitulo o Resto del título : Una guía práctica para profesores en la era digital
Mención de responsabilidad etc. / Jorge Rey Valzacchi
250 ## - MENCIÓN DE EDICIÓN
Mención de edición 1 Ed.
260 ## - PUBLICATION, DISTRIBUTION, ETC. (IMPRINT)
Lugar de publicación distribución etc. Argentina :
Nombre del editor distribuidor etc. Instituto Latinoamericano de Desarrollo Profesional Docente ,
Fecha de publicación distribución etc. 2024.
300 ## - DESCRIPCIÓN FÍSICA
Extensión 86 páginas
Otras características físicas Ilustraciones, diagramas, tablas
440 ## - MENCIÓN DE SERIE
9 (RLIN) 13135
Título Aprende Virtual
505 ## - NOTA DE CONTENIDO CON FORMATO
Título 1. Introducción: breve historia de la Inteligencia Artificial (IA). --
-- 2. Fundamentos y conceptos básicos de la Inteligencia Artificial. --
-- 3. El papel de la Inteligencia Artificial en la educación. --
-- 4. Aplicaciones de la Inteligencia Artificial en la educación. --
-- 5. Sistemas de tutoría inteligente. --
-- 6. Recursos educativos digitales basados en Inteligencia Artificial. --
-- 7. Ética y consideraciones en el uso de Inteligencia Artificial en la educación. --
-- 8. Preparación de profesores para el uso de Inteligencia Artificial en el aula. --
-- 9. Maestría en innovaciones tecnológicas y pedagógicas en contextos digitales (Aprende Virtual – Instituto Latinoamericano de Desarrollo Profesional Docente). --
-- 10. Posibles avances tecnológicos y predicciones sobre la educación en el futuro.
526 ## - NOTA DE INFORMACIÓN SOBRE EL PROGRAMA DE ESTUDIO
Institución que aplica el campo Unicoc
546 ## - NOTA DE LENGUA
Nota de lengua Español
650 #0 - PUNTO DE ACCESO ADICIONAL DE MATERIA - TÉRMINO DE MATERIA
9 (RLIN) 13144
Término de materia o nombre geográfico como elemento inicial Inteligencia artificial en la educación
650 #0 - PUNTO DE ACCESO ADICIONAL DE MATERIA - TÉRMINO DE MATERIA
9 (RLIN) 13136
Término de materia o nombre geográfico como elemento inicial Tecnología educativa
650 #0 - PUNTO DE ACCESO ADICIONAL DE MATERIA - TÉRMINO DE MATERIA
9 (RLIN) 13139
Término de materia o nombre geográfico como elemento inicial Educación digital
650 #0 - PUNTO DE ACCESO ADICIONAL DE MATERIA - TÉRMINO DE MATERIA
9 (RLIN) 6662
Término de materia o nombre geográfico como elemento inicial Innovaciones educativas.
Subdivisión de forma Efecto de las tecnologías
650 #0 - PUNTO DE ACCESO ADICIONAL DE MATERIA - TÉRMINO DE MATERIA
9 (RLIN) 13140
Término de materia o nombre geográfico como elemento inicial Aprendizaje digital
650 #0 - PUNTO DE ACCESO ADICIONAL DE MATERIA - TÉRMINO DE MATERIA
9 (RLIN) 13148
Término de materia o nombre geográfico como elemento inicial Recursos educativos digitales
856 ## - LOCALIZACIÓN Y ACCESO ELECTRÓNICOS
Texto del enlace Acceso online exclusivo para comunidad Unicoc.
Identificador Uniforme del Recurso (URI) https://unicoceduco-my.sharepoint.com/:b:/g/personal/direccionbiblioteca_unicoc_edu_co/IQBkjWG9vjdSS4dmuv5Tiyn0AcLXPUt-vph9AhCRFvtKXPE
942 ## - ENTRADA PARA ELEMENTOS AGREGADOS (KOHA)
Fuente de clasificación o esquema de ordenación en estanterías
Koha [por defecto] tipo de item Libro electrónico
Existencias
Fecha última consulta Código de barras Localización permanente Fuente de clasificación o esquema de ordenación en estanterías Fecha del precio de reemplazo Estado de pérdida Signatura completa Código de colección No para préstamo Localización actual Estropeado Tipo de item de Koha Fecha de adquisición
2026-06-25Ebook10908Bogotá (Dr. David Ordóñez Rueda) - Campus Norte 2026-06-25 371.33Coleccion Online Bogotá (Dr. David Ordóñez Rueda) - Campus Norte Libro electrónico2026-06-25

© 2014 UNICOC | Institución Universitaria Colegios de Colombia - UNICOC
Bogotá D.C. Autopista Norte Km. 20. Teléfono:(571)6683535
Cali: Calle 13 Norte No. 3N-13. Teléfono: (572)6608887

Con tecnología de Koha